MARC details
| 000 -LEADER |
| fixed length control field |
02253nam a2200301 a 4500 |
| 008 - FIXED-LENGTH DATA ELEMENTS--GENERAL INFORMATION |
| fixed length control field |
120416s1978 ||||||||||||||||| || u |
| 020 ## - INTERNATIONAL STANDARD BOOK NUMBER |
| International Standard Book Number |
090039420X |
| 050 ## - LIBRARY OF CONGRESS CALL NUMBER |
| Classification number |
HD 111 Den |
| 100 ## - MAIN ENTRY--PERSONAL NAME |
| Personal name |
Denman, Donald Robert |
| 245 14 - TITLE STATEMENT |
| Title |
The place of property |
| 246 ## - |
| -- |
a new recognition of the function and form of property rights in land |
| 260 ## - PUBLICATION, DISTRIBUTION, ETC. |
| Place of publication, distribution, etc. |
Berkhamsted, Herts |
| Name of publisher, distributor, etc. |
Geographical publications |
| Date of publication, distribution, etc. |
1978 |
| 300 ## - PHYSICAL DESCRIPTION |
| Extent |
viii, 150p. |
| 350 ## - |
| -- |
0.00 |
| 650 ## - SUBJECT ADDED ENTRY--TOPICAL TERM |
| Topical term or geographic name entry element |
LAND |
| 650 ## - SUBJECT ADDED ENTRY--TOPICAL TERM |
| Topical term or geographic name entry element |
LAND OWNERSHIP--PROPERTY |
| 995 ## - |
| -- |
ANNEX COLLECTION (Main Library) |
| -- |
0.00 |
| -- |
704685 |
| -- |
CBU-MAIN LIBRARY (Kitwe) |
| -- |
3 |
| -- |
0.00 |
| -- |
HD 111 Den |
| -- |
1 |
| -- |
AVAILABLE |
| -- |
004718 |
| -- |
Annex Low-Usage Collection |
| 995 ## - |
| -- |
ANNEX COLLECTION (Main Library) |
| -- |
0.00 |
| -- |
704687 |
| -- |
CBU-MAIN LIBRARY (Kitwe) |
| -- |
4 |
| -- |
0.00 |
| -- |
HD 111 Den |
| -- |
2 |
| -- |
AVAILABLE |
| -- |
004719 |
| -- |
Annex Low-Usage Collection |
| 995 ## - |
| -- |
TEXTBOOKS (SBE) |
| -- |
0.00 |
| -- |
2879 |
| -- |
CBU-SCHOOL TEXTBOOK COLLECTIONS |
| -- |
1 |
| -- |
0.00 |
| -- |
SCHOOL TEXTBOOK |
| -- |
11 |
| -- |
AVAILABLE |
| -- |
Nov 20, 2008 |
| -- |
2879 |
| -- |
School Collections |
| 995 ## - |
| -- |
TEXTBOOKS (SBE) |
| -- |
0.00 |
| -- |
2875 |
| -- |
CBU-SCHOOL TEXTBOOK COLLECTIONS |
| -- |
1 |
| -- |
0.00 |
| -- |
SCHOOL TEXTBOOK |
| -- |
10 |
| -- |
AVAILABLE |
| -- |
Nov 20, 2008 |
| -- |
2875 |
| -- |
School Collections |
| 995 ## - |
| -- |
TEXTBOOKS (SBE) |
| -- |
0.00 |
| -- |
2869 |
| -- |
CBU-SCHOOL TEXTBOOK COLLECTIONS |
| -- |
1 |
| -- |
0.00 |
| -- |
SCHOOL TEXTBOOK |
| -- |
8 |
| -- |
AVAILABLE |
| -- |
Nov 20, 2008 |
| -- |
2869 |
| -- |
School Collections |
| 995 ## - |
| -- |
TEXTBOOKS (SBE) |
| -- |
0.00 |
| -- |
2105 |
| -- |
CBU-SCHOOL TEXTBOOK COLLECTIONS |
| -- |
1 |
| -- |
0.00 |
| -- |
SCHOOL TEXTBOOK |
| -- |
6 |
| -- |
AVAILABLE |
| -- |
Nov 20, 2008 |
| -- |
2105 |
| -- |
School Collections |
| 995 ## - |
| -- |
TEXTBOOKS (SBE) |
| -- |
0.00 |
| -- |
2871 |
| -- |
CBU-SCHOOL TEXTBOOK COLLECTIONS |
| -- |
1 |
| -- |
0.00 |
| -- |
SCHOOL TEXTBOOK |
| -- |
9 |
| -- |
AVAILABLE |
| -- |
Nov 20, 2008 |
| -- |
2871 |
| -- |
School Collections |
| 995 ## - |
| -- |
TEXTBOOKS (SBE) |
| -- |
0.00 |
| -- |
2860 |
| -- |
CBU-SCHOOL TEXTBOOK COLLECTIONS |
| -- |
1 |
| -- |
0.00 |
| -- |
SCHOOL TEXTBOOK |
| -- |
7 |
| -- |
AVAILABLE |
| -- |
Nov 20, 2008 |
| -- |
2860 |
| -- |
School Collections |
| 995 ## - |
| -- |
ANNEX COLLECTION (Main Library) |
| -- |
0.00 |
| -- |
704686 |
| -- |
CBU-MAIN LIBRARY (Kitwe) |
| -- |
1 |
| -- |
0.00 |
| -- |
HD 111 Den |
| -- |
3 |
| -- |
AVAILABLE |
| -- |
004720 |
| -- |
Annex Low-Usage Collection |
| 995 ## - |
| -- |
ANNEX COLLECTION (Main Library) |
| -- |
0.00 |
| -- |
704684 |
| -- |
CBU-MAIN LIBRARY (Kitwe) |
| -- |
5 |
| -- |
0.00 |
| -- |
HD 111 Den |
| -- |
5 |
| -- |
AVAILABLE |
| -- |
004722 |
| -- |
Annex Low-Usage Collection |
| 995 ## - |
| -- |
ANNEX COLLECTION (Main Library) |
| -- |
0.00 |
| -- |
704688 |
| -- |
CBU-MAIN LIBRARY (Kitwe) |
| -- |
2 |
| -- |
0.00 |
| -- |
HD 111 Den |
| -- |
4 |
| -- |
AVAILABLE |
| -- |
004721 |
| -- |
Annex Low-Usage Collection |
| 999 ## - |
| -- |
81925 |
| -- |
81925 |